| 000 | 00606nam a2200205 i 4500 | ||
|---|---|---|---|
| 001 | 79758 | ||
| 003 | ES-MaACL | ||
| 005 | 20231122162048.0 | ||
| 007 | t| | ||
| 008 | 041025s1966 sp ||||1| spa d | ||
| 100 | 1 |
_aHerrero, Javier. _963268 |
|
| 245 | 1 | 0 |
_aÁngel Ganivet _b: un iluminado / _cJavier Herrero. |
| 260 |
_aMadrid : _bGredos, _c1966. |
||
| 300 |
_a346 p. ; _c20 cm. |
||
| 490 | 1 | _aBiblioteca románica hispánica | |
| 600 | 1 | 4 |
_aGanivet, Ángel, _d1865-1898 _953864 |
| 830 | 0 |
_aBiblioteca románica hispánica _9180746 |
|
| 852 |
_aES-MaACL _jC-30383 |
||
| 999 |
_c79758 _d79758 |
||